| 000 | 01794nam a2200265 a 4500 | ||
|---|---|---|---|
| 001 | 000081705 | ||
| 005 | 20200120224618.0 | ||
| 008 | 161124s2014 sp a|||gr|||| 000 ||spa d | ||
| 020 | _a9788415685364 | ||
| 041 | 0 | _a-¿spa | |
| 043 | _aae-uk-en | ||
| 082 | 0 | 4 | _221 |
| 090 |
_aAH _bROCPs |
||
| 100 | 1 | _aRoca, Paco | |
| 245 | 1 | 4 |
_aLos Surcos del azar / _cPaco Roca. |
| 250 | _a1a. ed. | ||
| 260 |
_aBilbao : _bAstiberri ediciones, _c2014. |
||
| 300 |
_a326 páginas : _bilustraciones a color. |
||
| 490 | 0 | _aSillón Orejero | |
| 520 | 1 | _a"A través de los recuerdos de Miguel Ruiz, republicano español exiliado en Francia, Paco Roca reconstruye la historia de La Nueve, una compañía a las órdenes del capitán Dronne integrada en la segunda división blindada del general Leclerc, y formada mayoritariamente por republicanos españoles. Una historia apasionante y olvidada sobre la contribución española en la Segunda Guerra Mundial. La mayoría de los hombres que componían La Nueve tenían menos de 20 años cuando en 1936 cogieron las armas por primera vez para defender la República española. Ninguno sabía entonces que los supervivientes ya no las abandonarían hasta ocho años después, y que en la noche del 24 de agosto de 1944 serían los primeros en entrar en París. Los carros de combate llevaban, en el morro, nombres sorprendentes: Madrid, Don Quichotte, Guadalajara, Ebro o Guernica. Los soldados se apellidaban Granell, Campos, Fábregas, Royo, Pujol... Ellos encabezarán el desfile de la victoria del día 26 por los Campos Elíseos. Sin embargo, no lograrán su máxima meta de ver España libre del franquismo." | |
| 650 | 1 | 4 |
_aGuerra Mundial _xNovela gráfica española _y1939-1945 _2LEMB |
| 650 | 2 | 4 | _aCómic español |
| 650 | 2 | 7 | _2LEMB |
| 650 | 2 | 7 | _2LEMB |
| 999 |
_c10116 _d10116 |
||